[Event "CZECH OPEN 2011 "]
[Site "Pardubice (CZE)"]
[Date "2011.07.30"]
[Round "9.72"]
[White "Denisov, Ivan"]
[Black "Balacek, Tadeas"]
[Result "1/2-1/2"]
[WhiteElo "2323"]
[BlackElo "2251"]
[PlyCount "80"]
[EventDate "2011.07.22"]

1. e4 e6 2. d3 d5 3. Nd2 c5 4. g3 Nc6 5. Bg2 g6 6. Ne2 Bg7 7. O-O Nge7 8. f4
O-O 9. e5 f6 10. exf6 Bxf6 11. Nf3 b6 12. c3 Ba6 13. Kh1 Qd6 14. Qc2 Rad8 15.
Bd2 e5 16. fxe5 Nxe5 17. Nf4 g5 18. Nxe5 Bxe5 19. Nh3 h6 20. Rxf8+ Rxf8 21. Re1
Bg7 22. Qd1 Ng6 23. d4 c4 24. Qh5 Ne7 25. Bxg5 hxg5 26. Nxg5 Qh6 27. Qxh6 Bxh6
28. Rxe7 Bxg5 29. Bxd5+ Kh8 30. Rxa7 Bc8 31. Kg2 Bg4 32. b3 Bd2 33. Rc7 Be2 34.
Re7 Bf1+ 35. Kg1 Bxc3 36. Rf7 Rxf7 37. Bxf7 Bh3 38. Bxc4 Bxd4+ 39. Kh1 Kg7 40.
Bb5 Kf6 1/2-1/2

[Event "CZECH OPEN 2011 "]
[Site "Pardubice (CZE)"]
[Date "2011.07.30"]
[Round "9.73"]
[White "Majer, Jiri"]
[Black "Shemeakin, Alexander"]
[Result "1-0"]
[WhiteElo "2217"]
[BlackElo "2317"]
[PlyCount "63"]
[EventDate "2011.07.22"]

1. d4 e6 2. Nf3 f5 3. g3 Nf6 4. Bg2 Be7 5. O-O O-O 6. c4 d6 7. Nc3 Qe8 8. Qc2
Qg6 9. Bf4 Nc6 10. Rad1 Ne4 11. Nb5 Bd8 12. Nd2 Nxd2 13. Qxd2 a6 14. Nc3 Rb8
15. d5 Na5 16. dxe6 Nxc4 17. Qd4 Bxe6 18. Nd5 Ne5 19. Bxe5 dxe5 20. Qxe5 Qf7
21. Rc1 Rc8 22. Nf4 Bxa2 23. Bxb7 Rb8 24. Bxa6 Re8 25. Qa5 Rxb2 26. Rfd1 Bb3
27. Qc3 Bf6 28. Qc6 Rd8 29. Rxd8+ Bxd8 30. Rc3 Qf6 31. Qxf6 Bxf6 32. Rxb3 1-0

[Event "CZECH OPEN 2011 "]
[Site "Pardubice (CZE)"]
[Date "2011.07.30"]
[Round "9.75"]
[White "Straka, Vojtech"]
[Black "Mueller, Fabian"]
[Result "0-1"]
[WhiteElo "2200"]
[BlackElo "2314"]
[PlyCount "80"]
[EventDate "2011.07.22"]

1. d4 Nf6 2. Nf3 e6 3. Bg5 h6 4. Bxf6 Qxf6 5. e4 d5 6. Bd3 dxe4 7. Bxe4 Bd6 8.
O-O O-O 9. c4 c6 10. Nc3 Nd7 11. Bc2 Bc7 12. Qd3 g6 13. Rfe1 e5 14. d5 Qg7 15.
d6 Bb6 16. b4 a5 17. Na4 Bd4 18. Nxd4 exd4 19. Rad1 axb4 20. c5 b5 21. cxb6 Ba6
22. Qb3 c5 23. Qd5 d3 24. Bb3 c4 25. Bxc4 Bxc4 26. Qxc4 Rxa4 27. Qb5 Rxa2 28.
Qxd7 Qd4 29. Rf1 Qxb6 30. Rxd3 Rfa8 31. Qc7 Qb5 32. Rdd1 R2a7 33. Qc1 h5 34.
Qd2 b3 35. Qd4 b2 36. d7 Rxd7 37. Qe4 Rad8 38. Rb1 Rd2 39. g3 Qe2 40. Qb4 Rd1
0-1

[Event "CZECH OPEN 2011 "]
[Site "Pardubice (CZE)"]
[Date "2011.07.30"]
[Round "9.88"]
[White "Furman, Boris"]
[Black "Alvarez Fernandez, Enrique"]
[Result "1/2-1/2"]
[WhiteElo "2262"]
[BlackElo "2377"]
[PlyCount "63"]
[EventDate "2011.07.22"]

1. d4 d5 2. c4 c6 3. cxd5 cxd5 4. Nc3 a6 5. Bf4 Nf6 6. e3 Qb6 7. Qb3 Nbd7 8.
Qxb6 Nxb6 9. Bd3 Bg4 10. Nge2 Rc8 11. Rc1 Nh5 12. Bg5 h6 13. Bh4 g5 14. Bg3
Nxg3 15. Nxg3 Bd7 16. O-O e6 17. e4 Bg7 18. exd5 Bxd4 19. dxe6 fxe6 20. Be4 Rb8
21. Rcd1 Bc5 22. Bg6+ Kf8 23. Nce4 Be7 24. f4 Bb5 25. Rf2 Kg7 26. f5 Rhd8 27.
Ra1 exf5 28. Nxf5+ Kxg6 29. Nxe7+ Kg7 30. Nf5+ Kg6 31. Ne7+ Kg7 32. Nf5+
1/2-1/2

[Event "CZECH OPEN 2011 "]
[Site "Pardubice (CZE)"]
[Date "2011.07.30"]
[Round "9.89"]
[White "Studnicka, Tomas"]
[Black "Lambrechts, Koen"]
[Result "1-0"]
[WhiteElo "2374"]
[BlackElo "2255"]
[PlyCount "133"]
[EventDate "2011.07.22"]

1. d4 Na6 2. e4 c6 3. c3 Nc7 4. Bd3 g6 5. Ne2 Bg7 6. f4 d5 7. e5 Nh6 8. Ng3 Bd7
9. O-O Qc8 10. f5 Nxf5 11. Bxf5 Bxf5 12. Nxf5 gxf5 13. Qh5 Qe6 14. Rxf5 Qg6 15.
Qh3 e6 16. Rg5 Qc2 17. Nd2 Bf8 18. Qf3 Bh6 19. Rg3 Bxd2 20. Qe2 Qxc1+ 21. Rxc1
Bxc1 22. Qc2 Bh6 23. Rh3 Bf8 24. Rxh7 Rxh7 25. Qxh7 c5 26. a4 b5 27. h4 bxa4
28. h5 Rb8 29. Qc2 Kd8 30. Qxa4 a6 31. Qc2 cxd4 32. cxd4 Nb5 33. Qd2 Kd7 34.
Qf4 Be7 35. Qxf7 Nxd4 36. h6 Ne2+ 37. Kh2 Rb4 38. g3 Rxb2 39. Qf2 Bc5 40. Qf7+
Be7 41. h7 Nf4+ 42. Kg1 Rb1+ 43. Kf2 Nd3+ 44. Ke2 Nxe5 45. Qg7 Rh1 46. h8=Q
Rxh8 47. Qxh8 Nf7 48. Qa8 Ng5 49. Qxa6 Ke8 50. Ke3 Kf7 51. Kf4 Bf6 52. Kg4 Kg6
53. Qc8 Kf7 54. Kh5 Ne4 55. Qc7+ Be7 56. Kh6 Ng5 57. Qf4+ Bf6 58. Qg4 Ne4 59.
Qh5+ Ke7 60. Kg6 Kd7 61. g4 Be7 62. Qh2 Nf6 63. Qe2 Ne4 64. Qb5+ Kd8 65. Qc6
Bd6 66. Kg7 Be5+ 67. Kh6 1-0

[Event "CZECH OPEN 2011 "]
[Site "Pardubice (CZE)"]
[Date "2011.07.30"]
[Round "9.90"]
[White "Yakunin, Alexey"]
[Black "Kutynec, Vladimir"]
[Result "1-0"]
[WhiteElo "2360"]
[BlackElo "2259"]
[PlyCount "65"]
[EventDate "2011.07.22"]

1. e4 Nf6 2. e5 Nd5 3. d4 d6 4. Nf3 Nb6 5. a4 Bg4 6. a5 N6d7 7. exd6 exd6 8.
Bd3 Nc6 9. c3 Qf6 10. Nbd2 Qe6+ 11. Be2 O-O-O 12. O-O Re8 13. Re1 d5 14. h3 Bh5
15. a6 b6 16. Qa4 Bd6 17. Bb5 Qxe1+ 18. Nxe1 Rxe1+ 19. Nf1 Bd1 20. Qa2 Ne7 21.
b4 Bh5 22. Bg5 Rxa1 23. Qxa1 f6 24. Bh4 Nf5 25. Bg3 Nxg3 26. Nxg3 Bxg3 27. fxg3
Re8 28. Qa2 Bf7 29. Bc6 Rd8 30. Bxd5 Bxd5 31. Qxd5 Nb8 32. Qb7+ Kd7 33. b5 1-0

[Event "CZECH OPEN 2011 "]
[Site "Pardubice (CZE)"]
[Date "2011.07.30"]
[Round "9.93"]
[White "Soloviova, Liza"]
[Black "Bente, Bjoern"]
[Result "1/2-1/2"]
[WhiteElo "2330"]
[BlackElo "2226"]
[PlyCount "84"]
[EventDate "2011.07.22"]

1. Nf3 Nf6 2. d3 d5 3. Nbd2 Bf5 4. g3 e6 5. Bg2 Be7 6. O-O h6 7. c4 c6 8. a3 a5
9. b3 Nbd7 10. Bb2 O-O 11. h3 Bh7 12. Rc1 Qb8 13. cxd5 cxd5 14. Nd4 Rc8 15. Nb5
Ne8 16. Nf3 Rxc1 17. Qxc1 Nd6 18. Nfd4 Qd8 19. Nxd6 Bxd6 20. Nb5 Be7 21. Qd2
Rc8 22. Bc3 b6 23. b4 axb4 24. axb4 Bg6 25. Rc1 Nb8 26. Qb2 Qd7 27. Nd4 Bf6 28.
Nf3 Qc7 29. d4 Nd7 30. b5 Be4 31. Bd2 Qb7 32. Nh2 Bxg2 33. Kxg2 Rxc1 34. Bxc1
Qc7 35. Ng4 Qc4 36. Be3 h5 37. Nh2 Nc5 38. Nf3 Nb3 39. Qa2 Qxb5 40. Qa8+ Kh7
41. Qf8 Qd7 42. Qb4 Na5 1/2-1/2

[Event "CZECH OPEN 2011 "]
[Site "Pardubice (CZE)"]
[Date "2011.07.30"]
[Round "9.96"]
[White "Miskulin, Dennis"]
[Black "Krensing, Jan"]
[Result "0-1"]
[WhiteElo "2208"]
[BlackElo "2315"]
[PlyCount "54"]
[EventDate "2011.07.22"]

1. e4 e6 2. d4 d5 3. Nd2 c5 4. exd5 Qxd5 5. Ngf3 cxd4 6. Bc4 Qd6 7. O-O Nf6 8.
Nb3 Nc6 9. Nbxd4 Nxd4 10. Nxd4 Bd7 11. c3 O-O-O 12. Qf3 Qc5 13. Bb3 Bd6 14. Be3
Qe5 15. g3 Qa5 16. Rfd1 Kb8 17. Nc2 Bc7 18. Qe2 h5 19. h4 Ng4 20. Bd2 Rhe8 21.
Ne3 Nxe3 22. Bxe3 Bc6 23. Rxd8+ Rxd8 24. Rd1 Rxd1+ 25. Qxd1 Qf5 26. Kh2 Qe4 27.
Qg1 Qxh4# 0-1

[Event "CZECH OPEN 2011 "]
[Site "Pardubice (CZE)"]
[Date "2011.07.30"]
[Round "9.97"]
[White "Aliakbarov, Anar Samir Oglu"]
[Black "Simek, Petr"]
[Result "0-1"]
[WhiteElo "2182"]
[BlackElo "2307"]
[PlyCount "88"]
[EventDate "2011.07.22"]

1. d4 Nf6 2. c4 e6 3. Nf3 b6 4. a3 Bb7 5. Nc3 d5 6. Qc2 Be7 7. cxd5 Nxd5 8. e4
Nxc3 9. bxc3 Nd7 10. Bd3 c5 11. O-O Rc8 12. Qe2 O-O 13. Be3 Qc7 14. a4 Rfd8 15.
a5 bxa5 16. Rfc1 Bc6 17. d5 exd5 18. exd5 Bxd5 19. Bxh7+ Kxh7 20. Qd3+ Kg8 21.
Qxd5 Nb6 22. Qh5 Nd5 23. Bg5 Nf4 24. Bxf4 Qxf4 25. Qe5 Qxe5 26. Nxe5 Bf6 27. f4
Rd2 28. Rxa5 Rb8 29. Kh1 Rbb2 30. Rg1 Bxe5 31. fxe5 Rd5 32. Rxa7 Rxe5 33. Ra4
Rc2 34. Rc4 f5 35. h3 Kf7 36. Rf1 Ke6 37. Rf3 g5 38. Ra4 f4 39. h4 Ree2 40.
hxg5 Rxg2 41. Raxf4 Rxg5 42. Ra4 Re5 43. Ra1 Kd5 44. Kg1 Kc4 0-1

[Event "CZECH OPEN 2011 "]
[Site "Pardubice (CZE)"]
[Date "2011.07.30"]
[Round "9.29"]
[White "Pacher, Milan"]
[Black "Baryshpolets, Andrey"]
[Result "1-0"]
[WhiteElo "2408"]
[BlackElo "2474"]
[PlyCount "73"]
[EventDate "2011.07.22"]

1. d4 Nf6 2. c4 g6 3. Nc3 Bg7 4. e4 d6 5. Nf3 O-O 6. Be2 e5 7. O-O Nc6 8. d5
Ne7 9. Ne1 Nd7 10. f3 f5 11. g4 Kh8 12. h4 Ng8 13. g5 f4 14. Kg2 a5 15. Nd3 h6
16. Rh1 Rf7 17. Bd2 Bf8 18. Qg1 Rh7 19. Kf1 Be7 20. Nb5 hxg5 21. hxg5 Rxh1 22.
Qxh1+ Kg7 23. Bc3 Bxg5 24. c5 Ndf6 25. cxd6 cxd6 26. Nxd6 Qxd6 27. Nxe5 Qd8 28.
Qg2 Nxd5 29. exd5 Kf8 30. Nxg6+ Kf7 31. Ne5+ Kf8 32. Ng6+ Kf7 33. Nxf4 Nh6 34.
Ne6 Bxe6 35. dxe6+ Kxe6 36. Bc4+ Kf5 37. Qc2+ 1-0